000 01381nam a2200325 a 4500
001 ebr10018011
003 CaPaEBR
006 m u
007 cr cn|||||||||
008 000128s2000 ctua sb 001 0deng
010 _z 00022332
020 _z0313309019 (alk. paper)
040 _aCaPaEBR
_cCaPaEBR
035 _a(OCoLC)55002852
050 1 4 _aPS3503.R167
_bZ86 2000eb
082 0 4 _a813/.54
_221
100 1 _aReid, Robin Anne,
_d1955-
245 1 0 _aRay Bradbury
_h[electronic resource] :
_ba critical companion /
_cRobin Anne Reid.
260 _aWestport, Conn. :
_bGreenwood Press,
_c2000.
300 _axi, 133 p. :
_bill.
490 1 _aCritical companions to popular contemporary writers,
_x1082-4979
504 _aIncludes bibliographical references (p. [121]-129) and index.
533 _aElectronic reproduction.
_bPalo Alto, Calif. :
_cebrary,
_d2013.
_nAvailable via World Wide Web.
_nAccess may be limited to ebrary affiliated libraries.
600 1 0 _aBradbury, Ray,
_d1920-2012
_xCriticism and interpretation.
650 0 _aScience fiction, American
_xHistory and criticism.
655 7 _aElectronic books.
_2local
710 2 _aebrary, Inc.
830 0 _aCritical companions to popular contemporary writers.
856 4 0 _uhttp://site.ebrary.com/lib/rucke/Doc?id=10018011
_zAn electronic book accessible through the World Wide Web; click to view
999 _c12432
_d12432